Statistiken für Beste Bundesliga Torschützen VfL Wolfsburg

Klicken Sie hier um das Quiz zu spielen!

Allgemein

  • Dieses Quiz wurde 288 mal gespielt
    (26 seit der letzten Aktualisierung)
  • Das Durchschnittsergebnis liegt bei 15 aus 30

Antwortstatistiken

SaisonNationalitätToreSpieler% Korrekt
2020/21Niederlande20Wout Weghorst
100%
2019/20Niederlande16Wout Weghorst
100%
2018/19Niederlande17Wout Weghorst
100%
2010/11Bosnien und Herzegowina10Edin Džeko
96%
2009/10Bosnien und Herzegowina22Edin Džeko
96%
2023/24Dänemark11Jonas Wind
96%
2022/23Dänemark6Jonas Wind
96%
2007/08Brasilien11Grafite
91%
2008/09Brasilien28Grafite
91%
2014/15Niederlande16Bas Dost
78%
2011/12Kroatien12Mario Mandžukić
74%
2016/17Deutschland16Mario Gómez
70%
2021/22Deutschland12Max Kruse
70%
2013/14Kroatien14Ivica Olić
61%
2005/06Argentinien12Diego Klimowicz
35%
2003/04Argentinien15Diego Klimowicz
35%
2015/16Deutschland9André Schürrle
30%
2012/13Brasilien10Diego
26%
2011/12Deutschland12Patrick Helmes
26%
1999/00Nigeria12Jonathan Akpoborie
22%
1997/98Deutschland13Roy Präger
22%
2006/07Deutschland8Mike Hanke
17%
2017/18Deutschland9Daniel Didavi
13%
2004/05Bulgarien12Martin Petrov
13%
2022/23Deutschland6Yannick Gerhardt
13%
1998/99Polen13Andrzej Juskowiak
4%
2000/01Polen12Andrzej Juskowiak
4%
2004/05Deutschland12Thomas Brdaric
4%
2002/03Kroatien12Tomislav Marić
0%
2001/02Kroatien12Tomislav Marić
0%

Verteilung der Resultate

Perzentil nach korrekt beantworteten Fragen

Anzahl Personen mit jedem Resultat

Ihre Resultats-Entwicklung

Sie haben dieses Quiz seit der letzten Aktualisierung nicht gespielt